15 Popular Cat Breeds - Statistics

General Stats
  • This quiz has been taken 44 times
  • The average score is 7 of 15
Answer Stats
Hint Answer % Correct
10 Siamese
83%
13 Persian
78%
1 Maine Coon
69%
8 Ragdoll
69%
9 American Shorthair
67%
7 Sphynx
53%
3 Bengal
50%
4 Burmese
50%
2 British Shorthair
42%
11 Manx
36%
6 Abyssinian
31%
12 Birman
28%
5 Norwegian Forest Cat
25%
14 Himalayan
22%
15 Domestic Longhair
6%
No matching quizzes found
Score Distribution
Percent of People with Each Score
Percentile by Number Answered
Your Score History
You have not taken this quiz